Bioinorganic chemistry / (Record no. 127391)
[ view plain ]
| 000 -LEADER | |
|---|---|
| fixed length control field | 00702nam a22002297a 4500 |
| 005 - DATE AND TIME OF LATEST TRANSACTION | |
| control field | 20170124110024.0 |
| 010 ## - LIBRARY OF CONGRESS CONTROL NUMBER | |
| LC control number | A-820725 |
| 020 ## - INTERNATIONAL STANDARD BOOK NUMBER | |
| Terms of availability | 00.00 |
| 035 ## - SYSTEM CONTROL NUMBER | |
| System control number | A-820725 |
| 037 ## - SOURCE OF ACQUISITION | |
| Source of stock number/acquisition | Cen Lib/Ret |
| 040 ## - CATALOGING SOURCE | |
| Original cataloging agency | DPL |
| Language of cataloging | EN |
| 082 ## - DEWEY DECIMAL CLASSIFICATION NUMBER | |
| Classification number | 546 |
| Item number | CHA |
| 100 ## - MAIN ENTRY--PERSONAL NAME | |
| Personal name | Chatwal, G. R. |
| 9 (RLIN) | 20354 |
| 245 ## - TITLE STATEMENT | |
| Title | Bioinorganic chemistry / |
| Statement of responsibility, etc | by G. R. Chatwal [and] Ajay Kumar Bhagi |
| 260 ## - PUBLICATION, DISTRIBUTION, ETC. (IMPRINT) | |
| Place of publication, distribution, etc | Bombay |
| Name of publisher, distributor, etc | Himalaya Publishing House |
| Date of publication, distribution, etc | 1996 |
| 270 ## - ADDRESS | |
| City | Bombay |
| Address | "Ramdoot" Dr. Bhalerao Marg, Girgaon |
| Postal code | 400004 |
| 300 ## - PHYSICAL DESCRIPTION | |
| Extent | 256p. |
| Dimensions | 20cm(Hb) |
| 650 ## - SUBJECT ADDED ENTRY--TOPICAL TERM | |
| Topical term or geographic name as entry element | Bioorganic chemistry |
| 9 (RLIN) | 20355 |
| 650 ## - SUBJECT ADDED ENTRY--TOPICAL TERM | |
| Topical term or geographic name as entry element | Pharmaceutical chemistry |
| 9 (RLIN) | 20356 |
| 700 ## - ADDED ENTRY--PERSONAL NAME | |
| Personal name | Bhagi, Ajay Kumar |
| 9 (RLIN) | 20357 |
| 942 ## - ADDED ENTRY ELEMENTS (KOHA) | |
| Source of classification or shelving scheme | Dewey Decimal Classification |
| Koha item type | English Books |
| Classification part | 546 |
| Call number suffix | CHA |
| Withdrawn status | Lost status | Damaged status | Not for loan | Home library | Current library | Date acquired | Source of acquisition | Cost, normal purchase price | Total Checkouts | Full call number | Barcode | Date last seen | Date checked out | Copy number | Cost, replacement price | Price effective from | Koha item type | Public note |
|---|---|---|---|---|---|---|---|---|---|---|---|---|---|---|---|---|---|---|
| Written off | Central Library | Central Library | 29/06/2015 | Cen Lib/Ret | 0.00 | 3 | 546 CHA | A-820725 | 10/05/2018 | 18/04/2018 | 1 | 0.00 | 29/06/2015 | English Books | W/d list no. 6811/9 |
